| 000 | 01152cam a22002054a 4500 | ||
|---|---|---|---|
| 005 | 20250605164105.0 | ||
| 008 | 250528s ||||||||||||||||||||||||d | ||
| 035 | _a17706 | ||
| 020 | _a9789602188859 | ||
| 040 |
_aGR-AtMCL _bgre _dGR-AtMCL _eAACR2 |
||
| 245 | 1 | _aΜέθοδοι και Τεχνικές Ανάλυσης στην Ποιοτική Κοινωνική Έρευνα | |
| 250 | _a1η | ||
| 260 |
_bΚριτική, _c2014 |
||
| 300 | _a512 | ||
| 520 | _aΔίδεται ιδιαίτερη έμφαση στην παρουσίαση των τεχνικών και των διαδικασιών ανάλυσης. Πρόλογος, Εισαγωγή στη Λογική της Ποιοτικής Έρευνας, Διαδικασίες και Μέθοδοι Ποιοτικής Ανάλυσης, Ειδικά Μεθοδολογικά Ζητήματα της Ποιοτικής Έρευνας, Η Συμβολή των Λογισμικών Προγραμμάτων στην Ανάλυση Ποιοτικών Δεδομένων: NVIVO10. | ||
| 700 | 1 |
_aΤσιώλης Γιώργος _93889 |
|
| 942 | _cBK | ||
| 999 |
_c3107 _d3107 |
||